| 000 | 00716cam a22001931a 4500 | ||
|---|---|---|---|
| 082 |
_a817 _bROU |
||
| 100 | 1 |
_aRourke, Constance, _950163 |
|
| 245 | 1 | 0 |
_aAmerican humor : _ba study of the national character / _cby Constance Rourke. |
| 260 |
_aNew York : _bHarcourt, Brace and Company, _cc1931. |
||
| 300 |
_ax, 324 p. ; _c23 cm. |
||
| 500 | _aIncludes index. | ||
| 526 |
_a0 _b0 _c0 _d817_000000000000000_ROU |
||
| 650 | 0 |
_aAmerican literature _xHistory and criticism. _950164 |
|
| 650 | 0 |
_aAmerican wit and humor _xHistory and criticism. _950165 |
|
| 650 | 0 |
_aMCE _9379 |
|
| 650 | 0 |
_aNational characteristics, American, in literature. _950166 |
|
| 650 | 0 |
_aNational characteristics, American. _98029 |
|
| 942 |
_2ddc _cBK |
||
| 999 |
_c552893 _d552893 |
||